000 01347nam a2200361 i 4500
001 192811
003 SpMaBN
005 20240314063034.0
008 230529s1994 sp | ||| ||spa
016 7 _abimoBNE19950033725
_2SpMaBN
017 _aB 569-1994
_bOficina Depósito Legal Barcelona
020 _a8422648415
035 _a(OCoLC)433546621
040 _aSpMaBN
_bspa
_cSpMaBN
_erdc
_dES-MaACL
080 _a929 Juan Pablo I, Papa
080 _a262.133.5
100 1 _aYallop, David A.
_9226455
_eaut
245 1 0 _aEn nombre de Dios /
_cDavid A. Yallop ; traducción de Sebastián Bel Spino
260 _aBarcelona :
_bCírculo de Lectores,
_c[1994]
300 _a478 páginas, [16] páginas de láminas (blanco y negro) ;
_c23 cm
500 _aÍndice onomástico
520 _aInvestigación sobre el asesinato de Juan Pablo I
534 _pTítulo original: In God's name
600 0 4 _aJuan Pablo
_bI,
_cPapa
_2embne
_967129
610 2 4 _aIglesia Católica-
_xFinanzas
_2embne
_94650
700 1 _9235536
_aBel Spino, Sebastián
_etrl
852 _aES-MaACL
_bR.152728
_cDEPOJ
_hDonación: José Lázaro García
_jN-8433
_xCartoné
_9200112
903 _9234219
_aLázaro García, José
_ednr
942 _cMONOGRAFIA
_n0
999 _c192811
_d192811